Riconosci il Pokémon - Quiz n°779 - Statistics

Statistiche generali
  • Questo quiz è stato fatto 1 volte
  • Il punteggio medio è 7 su 10
Statistiche sulle risposte
Indizio Riposta % Corretto
Altezza 0,6 m
100%
Sesso 50% ♂, 50% ♀
100%
Peso 7,2 kg
100%
Tipo Coleottero
100%
Stadio evoluzione Forma Base
100%
Generazione Seconda
100%
Abilità Vigore; Copricapo
100%
Tasso di cattura 190 (35.2%)
0%
Tasso di allevamento Medio-Veloce
0%
Pokémon Pineco
0%
Nessun quiz corrispondente trovato
Distribuzione punteggi
Percentuale di utenti per punteggio
Percentile per numero di risposta
I tuoi punteggi nel tempo
Non hai fatto questo quiz